000 00451nam a2200181Ia 4500
008 230524s9999 xx 000 0 und d
020 _a9789380422206
082 _a621.3819583
_bMOH
100 _aJivan Jyoti Mohanty
_941952
245 0 _aMicroprocessors
250 _a1
260 _aNew Delhi
_bBK Publication
_c2010
300 _a393p;
500 _aQuantity Number: 1
650 _aComp-Sc
700 _aBal Gopal Raju
_941953
942 _cBK
999 _c56369
_d56369